000 00488nam a2200181Ia 4500
005 20250508155608.0
008 008 250505s9999 xx 000 0 eng d
037 _aTextual
040 _aFEDL
_beng
_cFEDL
041 _aeng
_2eng
084 _a378.54, UNI
_qFEDL
245 0 _aReport of the university grants commission , April 1960 to March 1961
245 0 _cU G C
260 _c1962
300 _a49p.
942 _cTEXL
_h378.54, UNI
999 _c1358103
_d1358103